Методы цифровой обработки изображений: межвузовский сборник научных трудов

Bibliografiske detaljer
Institution som forfatter: Новосибирский электротехнический институт (НЭТИ)
Andre forfattere: Борукаев Т. Б. (редактор)
Sprog:russisk
Udgivet: Новосибирск, Изд-во НЭТИ, 1984
Fag:
Format: MixedMaterials Bog
KOHA link:https://koha.lib.tpu.ru/cgi-bin/koha/opac-detail.pl?biblionumber=293184

MARC

LEADER 00000nam0a2200000 4500
001 293184
005 20231101001435.0
020 |a RU  |b 84-59195 
035 |a (RuTPU)RU\TPU\book\318149 
090 |a 293184 
100 |a 20150429d1984 k y0rusy5003 ca 
101 0 |a rus 
102 |a RU 
105 |a y z 001zy 
200 1 |a Методы цифровой обработки изображений  |e межвузовский сборник научных трудов 
210 |a Новосибирск  |c Изд-во НЭТИ  |d 1984 
215 |a 112 с. 
320 |a Библиогр. в конце ст. 
606 1 |a Изображения  |x Обработка  |2 stltpush  |3 (RuTPU)RU\TPU\subj\12288 
610 1 |a методы 
610 1 |a статистические методы 
610 1 |a алгоритмы 
610 1 |a программы 
610 1 |a визуальная информация 
675 |a 621.397:681.3.01  |z rus  |v 3 
702 1 |a Борукаев  |b Т. Б.  |4 340 
712 0 2 |a Новосибирский электротехнический институт (НЭТИ)  |c (1950-1992)  |2 stltpush  |3 (RuTPU)RU\TPU\col\203 
801 0 |a RU  |b RuMRKP  |c 19950704  |g psbo 
801 1 |a RU  |b 63413507  |c 20150429 
801 2 |a RU  |b 63413507  |c 20170719  |g RCR 
942 |c BK